[Event "Slovakian-ch Youth 2022"]
[Site "Lubovna"]
[Date "2022.05.26"]
[Round "7.24"]
[White "Papp, Gabor"]
[Black "Lakota, Jan"]
[Result "1-0"]
[WhiteElo "2564"]
[BlackElo "1488"]
[Annotator "TA"]
[PlyCount "20"]
[EventDate "2022.05.22"]
[EventCountry "SVK"]
[SourceTitle "playchess.com"]
[Source "ChessBase"]
[SourceQuality "1"]

1. e4 c6 2. Nc3 d5 3. Nf3 Bg4 4. Be2 e6 5. O-O d4 6. Nxd4 Qxd4 7. Bxg4 Nf6 8. d3 Nbd7 9. Be3 Qb4 10. Rb1 Bc5 1-0

[Event "Slovakian-ch Youth 2022"]
[Site "Lubovna"]
[Date "2022.05.26"]
[Round "7.26"]
[White "Ondrejcak Gregor"]
[Black "Tokarcik, Patrik"]
[Result "0-1"]
[WhiteElo "1000"]
[BlackElo "1591"]
[Annotator "NA RC COMBH"]
[PlyCount "94"]
[EventDate "2022.05.22"]
[EventCountry "SVK"]
[SourceTitle "playchess.com"]
[Source "ChessBase"]
[SourceQuality "1"]

1. e4 d6 2. d4 Nf6 3. Nc3 g6 4. f3 Bg7 5. Be3 Nbd7 6. Qd2 h6 7. Bd3 c6 8. a4 e5 9. Nge2 Qc7 10. b3 exd4 11. Bxd4 Ne5 12. Bxe5 dxe5 13. Bc4 a6 14. O-O O-O 15. Kh1 Nh5 16. g3 Bh3 17. Rf2 b5 18. Bd3 Qb6 19. Ng1 Be6 20. Re1 Rad8 21. Qe3 Qxe3 22. Rxe3 Bf6 23. Nge2 Be7 24. f4 Bc5 25. Ref3 Bxf2 26. Rxf2 exf4 27. gxf4 f5 28. Kg1 b4 29. Nb1 fxe4 30. Bxe4 Rd1+ 31. Rf1 Rxf1+ 32. Kxf1 Nxf4 33. Nd2 Bd5 34. Ng3 Nh5+ 35. Kg2 Nxg3 36. hxg3 Re8 37. Kf3 g5 38. g4 Kg7 39. Ke3 Bxe4 40. Nxe4 h5 41. gxh5 Kh6 42. Kf3 Rxe4 43. Kxe4 Kxh5 44. Kf3 g4+ 45. Kg3 Kg5 46. a5 c5 47. Kf2 Kf4 0-1

[Event "Slovakian-ch Youth 2022"]
[Site "Lubovna"]
[Date "2022.05.26"]
[Round "7.27"]
[White "Ropovik, Samuel"]
[Black "Durovka, Marek"]
[Result "0-1"]
[WhiteElo "1453"]
[BlackElo "1827"]
[Annotator "NA RC COMBH"]
[PlyCount "84"]
[EventDate "2022.05.22"]
[EventCountry "SVK"]
[SourceTitle "playchess.com"]
[Source "ChessBase"]
[SourceQuality "1"]

1. e4 e6 2. d4 d5 3. Nd2 Nc6 4. Ngf3 Nf6 5. e5 Nd7 6. c3 f6 7. exf6 Qxf6 8. Bd3 Bd6 9. O-O O-O 10. Re1 Kh8 11. Qb3 Qf7 12. Re2 e5 13. dxe5 Ndxe5 14. Bc2 Bg4 15. Nxe5 Nxe5 16. f3 Bd7 17. Bd1 a6 18. a4 b5 19. a5 Rab8 20. Rb1 b4 21. cxb4 Rxb4 22. Qc3 Rfb8 23. Nf1 Rc4 24. Qd2 Qg6 25. Rxe5 Bxe5 26. Qxd5 Be6 27. Qxe5 Qxb1 28. Qxe6 Rxc1 29. Be2 Qg6 30. Qe3 Rc6 31. Bd3 Qe6 32. Be4 Rc4 33. Nd2 Rc1+ 34. Kf2 Rxb2 35. Qd3 Rd1 36. Ke3 Rdxd2 37. Qc3 Rb3 38. Kxd2 Rxc3 39. Kxc3 Qa2 40. Bc2 Qxa5+ 41. Kd3 c5 42. Ke2 c4 0-1

[Event "Slovakian-ch Youth 2022"]
[Site "Lubovna"]
[Date "2022.05.26"]
[Round "7.28"]
[White "Meszaros, Casey Ryan"]
[Black "Hudak, Michal"]
[Result "1-0"]
[WhiteElo "1757"]
[BlackElo "1169"]
[Annotator "NA RC COMBH"]
[PlyCount "90"]
[EventDate "2022.05.22"]
[EventCountry "SVK"]
[SourceTitle "playchess.com"]
[Source "ChessBase"]
[SourceQuality "1"]

1. e4 e6 2. d4 d5 3. exd5 exd5 4. c4 Nf6 5. Nf3 Be7 6. Bd3 dxc4 7. Bxc4 O-O 8. O-O Bg4 9. Be3 Nc6 10. Nc3 a6 11. Be2 Qd7 12. Ne5 Nxe5 13. dxe5 Bxe2 14. Qxe2 Ne8 15. Rfd1 Qe6 16. Bf4 c6 17. Rd2 Nc7 18. Rad1 Rad8 19. Bg3 Qf5 20. Qe4 Qxe4 21. Nxe4 Ne6 22. f4 f5 23. Nd6 Nc5 24. Bf2 Bxd6 25. Rxd6 Rxd6 26. exd6 Ne4 27. d7 Nxf2 28. d8=Q Nxd1 29. Qxd1 g6 30. Qd7 Rf7 31. Qe6 Kg7 32. Kf2 Kf8 33. Qc8+ Kg7 34. Ke3 Re7+ 35. Kd4 Re4+ 36. Kc5 Re2 37. Qxb7+ Kh6 38. g3 Rxh2 39. Kxc6 Rc2+ 40. Kd7 Rd2+ 41. Kc8 a5 42. a3 Rd3 43. Qg2 a4 44. Qc2 Rb3 45. Qxb3 g5 1-0

[Event "Slovakian-ch Youth 2022"]
[Site "Lubovna"]
[Date "2022.05.26"]
[Round "7.29"]
[White "Shykhnenko, Hryhorii"]
[Black "Bilik, Matej"]
[Result "0-1"]
[WhiteElo "1284"]
[BlackElo "1553"]
[Annotator "NA RC COMBH"]
[PlyCount "54"]
[EventDate "2022.05.22"]
[EventCountry "SVK"]
[SourceTitle "playchess.com"]
[Source "ChessBase"]
[SourceQuality "1"]

1. b3 d5 2. Bb2 c5 3. e3 Nc6 4. d4 cxd4 5. exd4 Nf6 6. Nf3 g6 7. c4 e6 8. Bd3 Bg7 9. O-O O-O 10. Nc3 dxc4 11. Bxc4 a6 12. a4 Re8 13. Re1 Nb4 14. Qd2 Nbd5 15. Ne5 b6 16. Rad1 Bb7 17. Qg5 Nxc3 18. Bxc3 Nd5 19. Qg3 Rc8 20. Bxd5 Bxd5 21. Ba1 Qe7 22. Qd3 Qb7 23. f3 Red8 24. Nc4 Bf8 25. Ne3 b5 26. Nxd5 Qxd5 27. Re5 Qxe5 0-1

[Event "Slovakian-ch Youth 2022"]
[Site "Lubovna"]
[Date "2022.05.26"]
[Round "7.30"]
[White "Janoska Peter"]
[Black "Boros, David"]
[Result "0-1"]
[WhiteElo "1272"]
[BlackElo "1173"]
[Annotator "NA RC COMBH"]
[PlyCount "52"]
[EventDate "2022.05.22"]
[EventCountry "SVK"]
[SourceTitle "playchess.com"]
[Source "ChessBase"]
[SourceQuality "1"]

1. e4 c6 2. d4 d5 3. exd5 cxd5 4. Bd3 g6 5. Bf4 Nc6 6. c3 Bg7 7. h3 Qb6 8. Qe2 e6 9. Nf3 Nge7 10. O-O O-O 11. Re1 Re8 12. Na3 a6 13. Rab1 Bd7 14. Qd2 Rac8 15. Re2 Na5 16. Ne5 Red8 17. Rbe1 Nec6 18. Qc2 Nxd4 19. Nxd7 Rxd7 20. Qd2 Nxe2+ 21. Qxe2 Nc6 22. Be3 d4 23. cxd4 Nxd4 24. Qd2 Rc6 25. Nc4 Qd8 26. b3 Nf3+ 0-1

[Event "Slovakian-ch Youth 2022"]
[Site "Lubovna"]
[Date "2022.05.26"]
[Round "7.31"]
[White "Dvorak, Alfred"]
[Black "Diachenko Mykhailo"]
[Result "1-0"]
[WhiteElo "1239"]
[BlackElo "1000"]
[Annotator "NA RC COMBH"]
[PlyCount "81"]
[EventDate "2022.05.22"]
[EventCountry "SVK"]
[SourceTitle "playchess.com"]
[Source "ChessBase"]
[SourceQuality "1"]

1. Nf3 d5 2. g3 b6 3. Bg2 Bb7 4. d4 Nf6 5. Bf4 Nc6 6. c3 Qd7 7. Nbd2 O-O-O 8. O-O Na5 9. b4 Nc6 10. a4 a6 11. b5 Na5 12. bxa6 Bxa6 13. Re1 e6 14. Nb3 Nc4 15. a5 b5 16. Nbd2 Nb2 17. Qb3 Na4 18. Ne5 Qe8 19. Reb1 c6 20. Rxa4 Bd6 21. Raa1 h6 22. h4 h5 23. Nd3 Qe7 24. Bxd6 Qxd6 25. Nc5 Bb7 26. Qa2 Nd7 27. Nxb7 Kxb7 28. a6+ Ka7 29. Nb3 Rb8 30. Na5 c5 31. Nb7 Qb6 32. Qa5 c4 33. Qxb5 Qxb5 34. Rxb5 Rbc8 35. e4 Nb8 36. exd5 exd5 37. Bxd5 f5 38. Nc5 Rhd8 39. Rb7+ Ka8 40. Rxg7+ Nc6 41. Bxc4 1-0

[Event "Slovakian-ch Youth 2022"]
[Site "Lubovna"]
[Date "2022.05.26"]
[Round "7.32"]
[White "Brnusak, Simon"]
[Black "Drabek Matej"]
[Result "1/2-1/2"]
[WhiteElo "1090"]
[BlackElo "1000"]
[Annotator "NA RC COMBH"]
[PlyCount "62"]
[EventDate "2022.05.22"]
[EventCountry "SVK"]
[SourceTitle "playchess.com"]
[Source "ChessBase"]
[SourceQuality "1"]

1. e4 e5 2. Nf3 Nc6 3. Bb5 Bc5 4. O-O Nf6 5. d3 O-O 6. Bg5 d6 7. h3 h6 8. Bh4 a6 9. Ba4 b5 10. Bb3 Be6 11. c3 g5 12. Bg3 Nh5 13. Bh2 Qf6 14. Nbd2 g4 15. hxg4 Bxg4 16. Bc2 Qg7 17. Kh1 Kh8 18. Qe1 Nf4 19. Bxf4 exf4 20. d4 Qg6 21. Kg1 Rg8 22. Nh4 Qg5 23. f3 Bh3 24. g4 Bxf1 25. Kxf1 Bxd4 26. cxd4 Nxd4 27. Bd3 Nxf3 28. Ndxf3 Qxg4 29. Qf2 Qh3+ 30. Ng2 Qh1+ 31. Ng1 Rg7 1/2-1/2

[Event "Slovakian-ch Youth 2022"]
[Site "Lubovna"]
[Date "2022.05.26"]
[Round "7.33"]
[White "Ziman, Damian"]
[Black "Papay Aurel"]
[Result "0-1"]
[WhiteElo "1293"]
[BlackElo "1000"]
[Annotator "NA RC COMBH"]
[PlyCount "42"]
[EventDate "2022.05.22"]
[EventCountry "SVK"]
[SourceTitle "playchess.com"]
[Source "ChessBase"]
[SourceQuality "1"]

1. e4 e6 2. d4 d5 3. Nc3 Bb4 4. e5 c5 5. a3 Bxc3+ 6. bxc3 Nc6 7. Qg4 Nge7 8. Qxg7 Rg8 9. Qxh7 Qb6 10. Nf3 Bd7 11. Qd3 O-O-O 12. h4 Rg4 13. h5 cxd4 14. h6 Ng6 15. Ng5 Rf8 16. g3 Ncxe5 17. Qd1 dxc3 18. f4 f6 19. Nh3 Rxg3 20. fxe5 fxe5 21. Ng5 Qf2# 0-1

[Event "Slovakian-ch Youth 2022"]
[Site "Lubovna"]
[Date "2022.05.26"]
[Round "7.34"]
[White "Dolnik, Michal"]
[Black "Slivka Martin"]
[Result "1-0"]
[WhiteElo "1548"]
[BlackElo "1000"]
[Annotator "NA RC COMBH"]
[PlyCount "85"]
[EventDate "2022.05.22"]
[EventCountry "SVK"]
[SourceTitle "playchess.com"]
[Source "ChessBase"]
[SourceQuality "1"]

1. b3 e5 2. Bb2 Nc6 3. e4 Bc5 4. Nf3 d6 5. Bc4 Nf6 6. Nc3 Be6 7. Be2 O-O 8. O-O Qd7 9. Nh4 Bd4 10. Nf5 Bxf5 11. exf5 Qxf5 12. h3 Qd7 13. Kh1 Rfe8 14. f4 Bxc3 15. Bxc3 Ne4 16. Qe1 Nd4 17. Bg4 Qc6 18. Bxd4 exd4 19. Bf3 d5 20. Bxe4 dxe4 21. Rc1 f5 22. Qg3 Re6 23. c3 Rg6 24. Qf2 e3 25. dxe3 dxe3 26. Qe2 Rd8 27. Rfd1 Rxd1+ 28. Rxd1 Qxc3 29. Rd3 Qc6 30. Rxe3 h6 31. Re5 Qc1+ 32. Qe1 Qxf4 33. Re8+ Kh7 34. Ra8 Qe4 35. Qg1 a6 36. Rc8 Qc6 37. Qf2 Qc5 38. Qxc5 Rc6 39. Qxf5+ Rg6 40. Rxc7 b6 41. Rc6 b5 42. Qxg6+ Kg8 43. Rc8# 1-0

[Event "Slovakian-ch Youth 2022"]
[Site "Lubovna"]
[Date "2022.05.26"]
[Round "7.35"]
[White "Gobl, Fabian"]
[Black "Stavac Teodor"]
[Result "0-1"]
[WhiteElo "1017"]
[BlackElo "1000"]
[Annotator "NA RC COMBH"]
[PlyCount "53"]
[EventDate "2022.05.22"]
[EventCountry "SVK"]
[SourceTitle "playchess.com"]
[Source "ChessBase"]
[SourceQuality "1"]

1. d4 d5 2. Nf3 Nf6 3. Bf4 Bg4 4. Nbd2 e6 5. e3 Bd6 6. Bxd6 Qxd6 7. Be2 Nc6 8. h3 Bh5 9. c3 O-O 10. Nf1 Ne4 11. Qc2 Rfe8 12. g4 Bg6 13. Bd3 e5 14. O-O-O exd4 15. Nxd4 Nxd4 16. exd4 Qf4+ 17. Nd2 Nxf2 18. Bxg6 hxg6 19. Rhf1 Re2 20. Kb1 Qe3 21. Rxf2 Rxf2 22. h4 Re8 23. Qc1 Qd3+ 24. Qc2 Qxc2+ 25. Kxc2 f6 26. Kb3 f5 27. Rf1 0-1

[Event "Slovakian-ch Youth 2022"]
[Site "Lubovna"]
[Date "2022.05.26"]
[Round "7.36"]
[White "Krajci Hugo"]
[Black "Kriska Alexander"]
[Result "1-0"]
[WhiteElo "1178"]
[BlackElo "1046"]
[Annotator "NA RC COMBH"]
[PlyCount "120"]
[EventDate "2022.05.22"]
[EventCountry "SVK"]
[SourceTitle "playchess.com"]
[Source "ChessBase"]
[SourceQuality "1"]

1. e4 e5 2. Nf3 Nf6 3. Nc3 Nc6 4. Bc4 Nxe4 5. Nxe4 d5 6. Bxd5 Qxd5 7. Nc3 Qd8 8. Qe2 f6 9. d3 Be7 10. Be3 Bg4 11. h3 Bxf3 12. Qxf3 Qd7 13. Qh5+ g6 14. Qg4 O-O-O 15. Qxd7+ Rxd7 16. O-O-O Kb8 17. Rd2 Rhd8 18. Rhd1 a6 19. Ne2 Nd4 20. a3 f5 21. f3 Bc5 22. Nxd4 exd4 23. Bg5 Rh8 24. Bf6 Rf8 25. Bg5 Rd6 26. Be7 Rff6 27. Bxf6 Rxf6 28. Re2 Bd6 29. Rde1 Ka7 30. Re6 Rf7 31. g4 Bg3 32. Re7 Rxe7 33. Rxe7 h5 34. gxf5 gxf5 35. Rf7 Bf4+ 36. Kb1 c5 37. Rxf5 Bd6 38. Rxh5 Kb8 39. c3 Kc7 40. cxd4 cxd4 41. Rf5 Kd7 42. Rd5 Ke6 43. Rxd4 Be5 44. Re4 Kf5 45. d4 Bb8 46. h4 Kg6 47. d5 Kf7 48. Rd4 Ke7 49. h5 Be5 50. Re4 Kd6 51. h6 Bh8 52. h7 Kxd5 53. Re8 Bd4 54. h8=Q Bxh8 55. Rxh8 Ke5 56. Re8+ Kf4 57. Re1 b6 58. b4 a5 59. bxa5 bxa5 60. a4 Kf5 1-0

[Event "Slovakian-ch Youth 2022"]
[Site "Lubovna"]
[Date "2022.05.27"]
[Round "8.1"]
[White "Brnusak, Tomas"]
[Black "Turcan, Richard"]
[Result "1/2-1/2"]
[WhiteElo "2212"]
[BlackElo "2278"]
[Annotator "TA"]
[PlyCount "94"]
[EventDate "2022.05.22"]
[EventCountry "SVK"]
[SourceTitle "playchess.com"]
[Source "ChessBase"]
[SourceQuality "1"]

1. e4 c5 2. Nf3 e6 3. c4 Nc6 4. Nc3 Nf6 5. d3 d5 6. cxd5 exd5 7. Bg5 Be7 8. Bxf6 Bxf6 9. Nxd5 Bxb2 10. Rb1 Bd4 11. Qd2 O-O 12. Be2 b6 13. O-O Be6 14. Nf4 Qf6 15. Bd1 Rad8 16. Bb3 Bg4 17. Nxd4 Nxd4 18. Nd5 Rxd5 19. f3 Nxb3 20. Rxb3 c4 21. exd5 cxb3 22. fxg4 Qd4+ 23. Qf2 Qxd5 24. axb3 Qxb3 25. Qd4 a5 26. g5 a4 27. h4 Qc2 28. Rf2 Qc1+ 29. Kh2 b5 30. Qe5 b4 31. Rf4 Qc3 32. Qxc3 bxc3 33. Rxa4 Rc8 34. Ra1 Kf8 35. Kg3 Ke7 36. Kf3 Kd6 37. Ke2 Ke5 38. Kd1 c2+ 39. Kd2 Kf5 40. g4+ Kxg4 41. Ra4+ Kg3 42. Rc4 Rf8 43. h5 f5 44. gxf6 gxf6 45. Rc7 f5 46. Kxc2 f4 47. Kd2 f3 1/2-1/2

[Event "Slovakian-ch Youth 2022"]
[Site "Lubovna"]
[Date "2022.05.27"]
[Round "8.1"]
[White "Durana, Jonas"]
[Black "Elias, David"]
[Result "0-1"]
[WhiteElo "1644"]
[BlackElo "1901"]
[Annotator "TA"]
[PlyCount "64"]
[EventDate "2022.05.22"]
[EventCountry "SVK"]
[SourceTitle "playchess.com"]
[Source "ChessBase"]
[SourceQuality "1"]

1. d4 Nf6 2. c4 e6 3. Nc3 Bb4 4. Bd2 b6 5. Nf3 Bb7 6. e3 O-O 7. Bd3 d5 8. cxd5 exd5 9. O-O Nbd7 10. Qc2 a6 11. Ne5 Nxe5 12. dxe5 Ne4 13. Rad1 Bxc3 14. Bxc3 Qe7 15. f4 c5 16. Bxe4 dxe4 17. f5 Qg5 18. Qf2 b5 19. b3 Rad8 20. f6 Rd3 21. Rxd3 exd3 22. fxg7 Qxg7 23. e6 fxe6 24. Bxg7 Rxf2 25. Rxf2 Kxg7 26. Kf1 c4 27. bxc4 bxc4 28. Ke1 c3 29. Rf4 Bd5 30. Ra4 e5 31. e4 Be6 32. Rxa6 d2+ 0-1

[Event "Slovakian-ch Youth 2022"]
[Site "Lubovna"]
[Date "2022.05.27"]
[Round "8.2"]
[White "Smetana, Peter"]
[Black "Oruzinsky, Juraj"]
[Result "0-1"]
[WhiteElo "1740"]
[BlackElo "1656"]
[Annotator "NA RC COMBH"]
[PlyCount "62"]
[EventDate "2022.05.22"]
[EventCountry "SVK"]
[SourceTitle "playchess.com"]
[Source "ChessBase"]
[SourceQuality "1"]

1. e4 e5 2. Nf3 Nc6 3. Nc3 Nf6 4. d4 exd4 5. Nxd4 Bb4 6. Nxc6 bxc6 7. Bd3 d5 8. Bd2 O-O 9. O-O Bxc3 10. Bxc3 Nxe4 11. Bxe4 dxe4 12. Qxd8 Rxd8 13. Be5 Be6 14. Bxc7 Rd2 15. Rac1 Rd7 16. Ba5 Rb8 17. Bc3 Rbd8 18. h3 Rd5 19. Rfe1 Bf5 20. Kf1 Bg6 21. Ke2 f5 22. Ke3 Bh5 23. h4 Kf7 24. Kf4 h6 25. Re3 g5+ 26. hxg5 hxg5+ 27. Kxg5 Rg8+ 28. Kh4 Rxg2 29. Be1 Bf3 30. c4 Rd6 31. Rxf3 Rh6# 0-1

[Event "Slovakian-ch Youth 2022"]
[Site "Lubovna"]
[Date "2022.05.27"]
[Round "8.3"]
[White "Zetocha, Adrian"]
[Black "Vadila, Ondrej"]
[Result "1-0"]
[WhiteElo "2331"]
[BlackElo "2082"]
[Annotator "TA"]
[PlyCount "39"]
[EventDate "2022.05.22"]
[EventCountry "SVK"]
[SourceTitle "playchess.com"]
[Source "ChessBase"]
[SourceQuality "1"]

1. e4 c5 2. c3 d5 3. exd5 Qxd5 4. d4 Nf6 5. Nf3 e6 6. Bd3 Be7 7. dxc5 Bxc5 8. O-O O-O 9. Qe2 Nc6 10. b4 Be7 11. Rd1 Qh5 12. Nbd2 Nd5 13. Ne4 Ne5 14. Nxe5 Qxe5 15. a3 b6 16. Ng3 Bf6 17. Bd2 Bb7 18. Be4 Rab8 19. Rac1 Bg5 20. Bxh7+ 1-0

[Event "Slovakian-ch Youth 2022"]
[Site "Lubovna"]
[Date "2022.05.27"]
[Round "8.3"]
[White "Gollner, Martin"]
[Black "Paholok, Adam"]
[Result "1-0"]
[WhiteElo "1585"]
[BlackElo "1449"]
[Annotator "NA RC COMBH"]
[PlyCount "71"]
[EventDate "2022.05.22"]
[EventCountry "SVK"]
[SourceTitle "playchess.com"]
[Source "ChessBase"]
[SourceQuality "1"]

1. e4 e6 2. c4 c5 3. Nc3 Nc6 4. Nf3 e5 5. d3 d6 6. Be2 Nge7 7. O-O g6 8. Ne1 Be6 9. f4 Qd7 10. Nd5 O-O-O 11. a3 Nd4 12. b4 Nxd5 13. cxd5 Nxe2+ 14. Qxe2 Bg4 15. Qc2 b6 16. h3 Bh5 17. g4 Rg8 18. gxh5 Qxh3 19. Qg2 Qxg2+ 20. Nxg2 gxh5 21. bxc5 exf4 22. cxb6 axb6 23. Rxf4 Bg7 24. Rb1 Be5 25. Rxf7 Rg4 26. Rxh7 Rdg8 27. Be3 Rxg2+ 28. Kf1 Rh2 29. Rc1+ Kb8 30. Rf7 h4 31. Rf2 Rh3 32. Ke2 Rhg3 33. Rh1 h3 34. d4 Bh8 35. Bf4 Rxa3 36. Bxd6+ 1-0

[Event "Slovakian-ch Youth 2022"]
[Site "Lubovna"]
[Date "2022.05.27"]
[Round "8.3"]
[White "Matejka, Simon"]
[Black "Buda, Alexander"]
[Result "1/2-1/2"]
[WhiteElo "1235"]
[BlackElo "1744"]
[Annotator "NA RC COMBH"]
[PlyCount "100"]
[EventDate "2022.05.22"]
[EventCountry "SVK"]
[SourceTitle "playchess.com"]
[Source "ChessBase"]
[SourceQuality "1"]

1. f4 f5 2. Nf3 Nf6 3. Nc3 Nc6 4. e3 e6 5. Be2 Be7 6. O-O O-O 7. b3 b6 8. Bb2 Bb7 9. Rc1 d5 10. d3 Kh8 11. Qd2 d4 12. exd4 Nxd4 13. Ng5 Nd5 14. Nxd5 Bxg5 15. Bxd4 Qxd5 16. Bxg7+ Kxg7 17. Bh5 Qd4+ 18. Kh1 Be7 19. c3 Qd7 20. Rce1 Rad8 21. Re3 Kh8 22. c4 Bc5 23. Rh3 Rg8 24. Bf3 Bxf3 25. Rfxf3 Qd4 26. Qe1 Rg7 27. b4 Bd6 28. g3 Rdg8 29. Rh4 Qb2 30. Re3 Bxb4 31. Qf1 Qxa2 32. Rxe6 Re7 33. Qg1 Qb2 34. Rxe7 Bxe7 35. Rh5 Rd8 36. Qd1 Bd6 37. Rxh7+ Kxh7 38. Qh5+ Kg8 39. Qg5+ Qg7 40. Qxd8+ Bf8 41. Qd5+ Kh8 42. Qxf5 Qa1+ 43. Kg2 Qb2+ 44. Kh3 Qg7 45. Kg2 a5 46. Qh5+ Kg8 47. Qd5+ Qf7 48. Qg5+ Bg7 49. Qd8+ Kh7 50. Qa8 Qg6 1/2-1/2

[Event "Slovakian-ch Youth 2022"]
[Site "Lubovna"]
[Date "2022.05.27"]
[Round "8.4"]
[White "Vargosko, Juraj"]
[Black "Benci, Jozef"]
[Result "1/2-1/2"]
[WhiteElo "1640"]
[BlackElo "1873"]
[Annotator "NA RC COMBH"]
[PlyCount "68"]
[EventDate "2022.05.22"]
[EventCountry "SVK"]
[SourceTitle "playchess.com"]
[Source "ChessBase"]
[SourceQuality "1"]

1. e4 c5 2. Nf3 d6 3. d4 cxd4 4. Nxd4 Nf6 5. Nc3 Nc6 6. Be3 Ng4 7. Qd2 Nxe3 8. fxe3 Bd7 9. Bc4 Ne5 10. Bb3 g6 11. O-O Bg7 12. Nf3 O-O 13. h3 Rc8 14. Nxe5 Bxe5 15. Rf3 Qa5 16. Raf1 e6 17. Qf2 f6 18. Ne2 Rf7 19. Nd4 Bxd4 20. exd4 Rcf8 21. d5 e5 22. g4 Kg7 23. c4 Ba4 24. Bxa4 Qxa4 25. b3 Qa5 26. Rc1 b6 27. Qb2 Rc8 28. b4 Qa6 29. Rfc3 Qb7 30. Qf2 Rfc7 31. Rf1 Rf8 32. a3 Qc8 33. Qc2 Rff7 34. Rf2 Rf8 1/2-1/2

[Event "Slovakian-ch Youth 2022"]
[Site "Lubovna"]
[Date "2022.05.27"]
[Round "8.5"]
[White "Stevik, Patrik"]
[Black "Nadzamova, Viktoria"]
[Result "1-0"]
[WhiteElo "2249"]
[BlackElo "2135"]
[Annotator "TA"]
[PlyCount "131"]
[EventDate "2022.05.22"]
[EventCountry "SVK"]
[SourceTitle "playchess.com"]
[Source "ChessBase"]
[SourceQuality "1"]

1. c4 e5 2. Nc3 c5 3. e3 Nc6 4. Nge2 g6 5. g3 Bg7 6. Bg2 Nge7 7. O-O O-O 8. a3 a5 9. Nb5 d6 10. d4 cxd4 11. exd4 Bg4 12. d5 Na7 13. Nxa7 Rxa7 14. h3 Bd7 15. Be3 Ra6 16. b4 b6 17. c5 bxc5 18. bxc5 dxc5 19. Bxc5 Re8 20. Rc1 Nf5 21. Qd3 Bc8 22. Nc3 Bh6 23. Rb1 Nd6 24. Rfd1 f5 25. Bf1 Bf8 26. Na4 Ne4 27. Bb6 Rxb6 28. Rxb6 Bd7 29. Rb5 Bxb5 30. Qxb5 Bxa3 31. d6 Kg7 32. Qb7+ Kh6 33. d7 Rf8 34. Bg2 Nd6 35. Qb3 Bb4 36. Qe6 Rf7 37. Rxd6 Re7 38. Qxe7 Qxe7 39. d8=Q Qxd6 40. Qxd6 Bxd6 41. Bd5 Kg5 42. Kg2 Kf6 43. f3 h5 44. Kf2 g5 45. g4 hxg4 46. hxg4 Bb4 47. Bc6 fxg4 48. fxg4 Ke6 49. Ke3 Kd6 50. Bb7 Ba3 51. Ke4 Bc1 52. Kd3 Kc7 53. Be4 Ba3 54. Kc4 Kd6 55. Kb5 Bb4 56. Nb6 Bc3 57. Nc4+ Ke6 58. Nxa5 Kd6 59. Nc4+ Ke6 60. Kc6 Bd4 61. Bf5+ Kf6 62. Kd5 Ba1 63. Nd2 Kg7 64. Ke6 Kh6 65. Ne4 Bb2 66. Kf7 1-0

[Event "Slovakian-ch Youth 2022"]
[Site "Lubovna"]
[Date "2022.05.27"]
[Round "8.5"]
[White "Hudak, Jan"]
[Black "Polomsky, Tomas"]
[Result "0-1"]
[WhiteElo "1688"]
[BlackElo "1467"]
[Annotator "NA RC COMBH"]
[PlyCount "72"]
[EventDate "2022.05.22"]
[EventCountry "SVK"]
[SourceTitle "playchess.com"]
[Source "ChessBase"]
[SourceQuality "1"]

1. e4 c5 2. Ne2 Nc6 3. Nbc3 e6 4. d4 cxd4 5. Nxd4 a6 6. Be3 Qc7 7. Bc4 Nf6 8. Bb3 Bb4 9. O-O Bxc3 10. bxc3 O-O 11. f3 Qa5 12. Qe1 d5 13. Bg5 Nd7 14. exd5 exd5 15. Nxc6 bxc6 16. c4 Qc5+ 17. Kh1 f6 18. cxd5 cxd5 19. Bd2 Qc6 20. Rd1 Nb6 21. Ba5 Nc4 22. Qc3 Be6 23. Rfe1 Rfe8 24. Rd4 Rab8 25. Red1 Rb5 26. Bb4 Reb8 27. Ba4 Qb6 28. Bxb5 Qxb5 29. Ba3 Qa4 30. R4d3 Nxa3 31. Qxa3 Qxc2 32. Qd6 Re8 33. R3d2 Qc3 34. Re2 Kf7 35. Rde1 d4 36. Rxe6 Qxe1+ 0-1

[Event "Slovakian-ch Youth 2022"]
[Site "Lubovna"]
[Date "2022.05.27"]
[Round "8.6"]
[White "Kuna, Patrik"]
[Black "Zdrazil, Patrik"]
[Result "1/2-1/2"]
[WhiteElo "1811"]
[BlackElo "1997"]
[Annotator "TA"]
[PlyCount "96"]
[EventDate "2022.05.22"]
[EventCountry "SVK"]
[SourceTitle "playchess.com"]
[Source "ChessBase"]
[SourceQuality "1"]

1. d4 Nf6 2. c4 g6 3. Nc3 Bg7 4. h4 d6 5. e4 Nc6 6. d5 Ne5 7. Bf4 Nfd7 8. h5 Nb6 9. hxg6 fxg6 10. Bxe5 Bxe5 11. Nf3 Bg4 12. Qd2 Bxf3 13. gxf3 Nd7 14. f4 Bg7 15. O-O-O c6 16. f5 Nf8 17. fxg6 Nxg6 18. Bh3 Qa5 19. Bf5 Kd8 20. Bxg6 hxg6 21. Rxh8+ Bxh8 22. Rg1 Kd7 23. Qe3 Bxc3 24. Qxc3 Qxc3+ 25. bxc3 Rf8 26. Rxg6 Rxf2 27. Kb1 Re2 28. Rg4 Kc7 29. a3 Kb6 30. Kc1 Kc7 31. Kb1 Kb6 32. Kc1 a6 33. Kd1 Ra2 34. Rg7 Rxa3 35. Kd2 Ra2+ 36. Kd3 Rh2 37. Rxe7 Rh3+ 38. Kc2 Rh2+ 39. Kd3 Rh6 40. Rd7 a5 41. Kc2 a4 42. Kb2 Rh4 43. Re7 Kc5 44. Rxb7 cxd5 45. Rb5+ Kxc4 46. Rxd5 a3+ 47. Kxa3 Kxc3 48. Rxd6 Rxe4 1/2-1/2

[Event "Slovakian-ch Youth 2022"]
[Site "Lubovna"]
[Date "2022.05.27"]
[Round "8.6"]
[White "Demjan, David"]
[Black "Magda, Filip"]
[Result "1/2-1/2"]
[WhiteElo "1375"]
[BlackElo "1624"]
[Annotator "NA RC COMBH"]
[PlyCount "111"]
[EventDate "2022.05.22"]
[EventCountry "SVK"]
[SourceTitle "playchess.com"]
[Source "ChessBase"]
[SourceQuality "1"]

1. g4 e5 2. Bg2 Nc6 3. c4 d6 4. h3 f5 5. e3 g6 6. Nc3 Bg7 7. gxf5 Bxf5 8. e4 Be6 9. d3 Nf6 10. Be3 Nh5 11. Qd2 Qd7 12. Nge2 Rf8 13. O-O-O O-O-O 14. h4 Kb8 15. Rdf1 Qf7 16. Nd5 Ne7 17. Bxa7+ Kc8 18. Nxe7+ Qxe7 19. Be3 b6 20. Bh3 Bxh3 21. Rxh3 Kb7 22. Bg5 Bf6 23. Nc3 Bxg5 24. Qxg5 Qxg5+ 25. hxg5 Nf4 26. Rg3 c6 27. Kd2 Nh5 28. Rh3 Rf4 29. f3 Rdf8 30. Ke3 R4f7 31. Ne2 Ka6 32. Rh4 b5 33. cxb5+ Kxb5 34. d4 Nf4 35. Nxf4 exd4+ 36. Kxd4 Rxf4 37. Rxf4 Rxf4 38. Ke3 Rh4 39. Rf2 Kc5 40. Rc2+ Kb5 41. a3 c5 42. Rd2 Kc6 43. b4 h6 44. gxh6 Rxh6 45. bxc5 dxc5 46. a4 g5 47. Rg2 Rh5 48. Rb2 Rh7 49. a5 Ra7 50. Ra2 Ra6 51. Kd3 Kb5 52. e5 c4+ 53. Kc3 Kc5 54. Ra4 Kd5 55. Kb4 c3 56. Kb5 1/2-1/2

[Event "Slovakian-ch Youth 2022"]
[Site "Lubovna"]
[Date "2022.05.27"]
[Round "8.7"]
[White "Priechodsky, Radovan"]
[Black "Beres, Tomas"]
[Result "1/2-1/2"]
[WhiteElo "1965"]
[BlackElo "2059"]
[Annotator "TA"]
[PlyCount "49"]
[EventDate "2022.05.22"]
[EventCountry "SVK"]
[SourceTitle "playchess.com"]
[Source "ChessBase"]
[SourceQuality "1"]

1. e4 c5 2. c4 Nc6 3. Nc3 g6 4. g3 Bg7 5. Bg2 e6 6. Nge2 Nge7 7. O-O O-O 8. d3 d6 9. Be3 Nd4 10. f4 Nec6 11. Rb1 Rb8 12. Kh1 a6 13. Qd2 b5 14. b3 Bd7 15. g4 b4 16. Nd1 f5 17. exf5 exf5 18. g5 Re8 19. Nxd4 Nxd4 20. Nf2 Bc6 21. Rbe1 Bxg2+ 22. Kxg2 Qd7 23. Bxd4 Qc6+ 24. Kg3 Bxd4 25. Nd1 1/2-1/2